Statistics for Baby boy names in the UK by generation

Click here to take the quiz!

General Stats

  • This quiz has been taken 866 times
  • The average score is 48 of 60

Answer Stats

#2014% Correct
1 | 2John
96%
1 | 2 | 10William
93%
2 | 4 | 5 | 9James
91%
3 | 4 | 7George
90%
6 | 10Henry
88%
3Harry
87%
1 | 3David
87%
3 | 4 | 5 | 6Thomas
84%
6 | 8 | 10Robert
84%
4 | 5Michael
84%
5Charlie
83%
7Charles
83%
7 | 9Paul
82%
5Peter
81%
1Oliver
80%
8 | 10Richard
79%
6Matthew
78%
7Charles
78%
10Mark
77%
2Jack
76%
3Stephen
76%
4Daniel
76%
7Andrew
76%
1 | 9Christopher
69%
4Jacob
66%
8Joseph
66%
9Albert
65%
8 | 9 | 10Frederick
61%
6 | 9Arthur
59%
8Alan
44%
6Ronald
42%
8Oscar
41%
7Kenneth
39%

Score Distribution

Percentile by Number Answered

Percent of People with Each Score

Your Score History

You have not taken this quiz